000
00281nam a2200121 a 4500
008
100917s1980|||| d
245
1
0
_a
Dom pod morušou
100
1
_a
Dvořáková, Helena
260
_a
Bratislava
_b
Pravda
_c
1980
020
_c
15
044
_a
xo
_c
SK
041
_a
slo
999
_c
10449
_d
10449